LEADER 01143nam a2200265 4500 001 000000333458 003 CaOOAMICUS 005 20190605165816.0 008 190508s2013 it 000 u ita r 020 $a978-88-343-2618-3 040 $aSeMil$bita 245 10$aPerché state a guardare il cielo? :$ble due strade per incontrare Dio /$cBruno Maggioni. 264 1$aMilano :$bVita e Pensiero,$c2013. 300 $a93 p. ;$c20 cm. 490 1 $aGrani di senape [V&P] 650 4$aBibbia - Culto.$0(OLS)http://semarc/subject/36493 650 4$aCarità - Concezione biblica.$0(OLS)http://semarc/subject/9912 830 0$aGrani di senape.$0(OLS)http://semarc/title/34472 850 $aSeMil 852 $aSeMil$W1$xVenegono$y1$m3F VI 338$j213726$B225696$CSeMilBibl$Z2$F225696 $81 961 $aAntonelli don Mario - Omaggio 996 $6020$a978-88-343-2618-3$9(OLS)http://semarc/number/287212 996 $6245$aPerché state a guardare il cielo? :$ble due strade per incontrare Dio$9(OLS)http://semarc/title/423042 996 $6264$aMilano :$bVita e Pensiero$9(OLS)http://semarc/publisher/29642 LEADER 01603nam a2200325 4500 001 000000353491 003 CaOOAMICUS 005 20230417124501.0 008 230417s2011 xxu 000 u eng r 020 $a978-0-8006-0762-3 020 $a0-8006-0762-7 040 $aSeMil$bita 100 1 $aHossfeld, Frank-Lothar,$d<1942-2015>.$0(OLS)http://semarc/name/4267 240 10$aPsalmen 101-150.$0(OLS)http://semarc/title/443545 245 10$aPsalms 3 :$ba commentary on Psalms 101-150 /$ctranslated and interpreted by Frank-Lothar Hossfeld and Erich Zenger ; edited by Klaus Baltzer ; English translation by Linda M. Maloney. 264 1$aMinneapolis :$bFortress Press,$c2011. 300 $aXXII, 712 p. ;$c25 cm 490 1 $aHermeneia 650 4$aBibbia. Antico Testamento. Salmi - Commentari, studi, critica, interpretazioni.$0(OLS)http://semarc/subject/289 700 1 $aZenger, Erich,$d<1939-2010>.$0(OLS)http://semarc/name/2584 700 1 $aBaltzer, Klaus,$d<1928- >.$0(OLS)http://semarc/name/78928 700 1 $aMaloney, Linda M.,$d<1939- >.$0(OLS)http://semarc/name/21762 830 0$aHermeneia.$0(OLS)http://semarc/title/443263 850 $aSeMil 852 $aSeMil$W1$xVenegono$y1$m2WA N 26$j240269$B244978$CSeMilBibl$Z2$F244978 $81 996 $6020$a978-0-8006-0762-3$9(OLS)http://semarc/number/297983 996 $6020$a0-8006-0762-7$9(OLS)http://semarc/number/297984 996 $6245$aPsalms 3 :$ba commentary on Psalms 101-150$9(OLS)http://semarc/title/443546 996 $6264$aMinneapolis :$bFortress Press$9(OLS)http://semarc/publisher/38030